|
|
|
|
| LEADER |
01538nam a2200433 a 4500 |
| 001 |
000634845 |
| 003 |
CZ BrMZK |
| 005 |
20031204095434.0 |
| 007 |
ta |
| 008 |
021107s2002 xr f cze d |
| 015 |
|
|
|a cnb001191031
|
| 020 |
|
|
|a 80-7315-027-1
|
| 035 |
|
|
|a (OCoLC)53264983
|
| 040 |
|
|
|a BOA001
|b cze
|
| 041 |
1 |
|
|a cze
|h eng
|
| 043 |
|
|
|a e-xr---
|b e-xr-jm
|2 czenas
|
| 080 |
|
|
|a 378.4
|2 MRF
|
| 080 |
|
|
|a 376
|2 MRF
|
| 080 |
|
|
|a 371.3
|2 MRF
|
| 080 |
|
|
|a (437.322)
|2 MRF
|
| 080 |
|
|
|a (036)
|2 MRF
|
| 100 |
1 |
|
|a Vítková, Marie,
|d 1947-
|7 xx0001379
|4 aut
|
| 245 |
1 |
0 |
|a Katedra speciální pedagogiky :
|b Pedagogická fakulta Masarykovy univerzity /
|c [Marie Vítková a kolektiv]
|
| 260 |
|
|
|a Brno :
|b Paido,
|c 2002
|
| 300 |
|
|
|a 54 s. ;
|c 23 cm
|
| 490 |
1 |
|
|a Edice pedagogické literatury
|
| 500 |
|
|
|a Souběžný název anglicky
|
| 500 |
|
|
|a Souběžný text česky, anglicky
|
| 650 |
0 |
7 |
|a studium a výuka
|7 ph136700
|2 czenas
|
| 650 |
0 |
7 |
|a univerzity
|7 ph126937
|z Česko
|2 czenas
|
| 650 |
0 |
7 |
|a speciální pedagogika
|7 ph116230
|2 czenas
|
| 655 |
|
7 |
|a informační publikace
|7 fd132454
|2 czenas
|
| 610 |
2 |
7 |
|a Masarykova univerzita.
|b Katedra speciální pedagogiky
|7 kn20010709452
|2 czenas
|
| 651 |
|
7 |
|a Brno (Česko)
|7 ge134084
|2 czenas
|
| 710 |
2 |
|
|a Masarykova univerzita.
|b Katedra speciální pedagogiky
|7 kn20010709452
|
| 830 |
|
0 |
|a Edice pedagogické literatury
|
| 910 |
|
|
|a BOA001
|b 2-1109.429
|
| 990 |
|
|
|a BK
|
| 996 |
6 |
|
|b 2610173720
|c 2-1109.429
|l MZK
|r Sklad / do 1 hodiny
|n 8
|p p.v.
|w 000634845
|u 000010
|a 1
|e BOA001
|j MZK50
|s P
|